Havarijné poistenie v podmienkach SR bakalárska práca

Salvato in:
Dettagli Bibliografici
Autore principale: Rybár, Martin
Ente Autore: Národohospodárska fakulta EU. Katedra poisťovníctva
Altri autori: Jurkovičová, Monika
Natura: Libro
Lingua:slovacco
Pubblicazione: Bratislava 2016
Tags: Aggiungi Tag
Nessun Tag, puoi essere il primo ad aggiungerne!!

MARC

LEADER 00000nbm a2200000 4500
001 0219721
005 20161108123743.2
041 0 |a slo 
044 |a SK 
245 1 0 |a Havarijné poistenie v podmienkach SR  |b bakalárska práca  |c Martin Rybár ; školiteľ: Monika Jurkovičová 
264 1 |a Bratislava  |c 2016 
300 |a 60 s. 
100 1 |a Rybár, Martin 
700 1 |a Jurkovičová, Monika 
710 2 |a Národohospodárska fakulta EU. Katedra poisťovníctva